Fundamentals of information systems/ (Record no. 2511)

000 -LEADER
fixed length control field 00911cam a22002774a 4500
001 - CONTROL NUMBER
control field 15044971
003 - CONTROL NUMBER IDENTIFIER
control field OSt
005 - DATE AND TIME OF LATEST TRANSACTION
control field 20160726130421.0
008 - FIXED-LENGTH DATA ELEMENTS--GENERAL INFORMATION
fixed length control field 071015s2008 maua b 001 0 eng
010 ## - LIBRARY OF CONGRESS CONTROL NUMBER
LC control number 2007281118
020 ## - INTERNATIONAL STANDARD BOOK NUMBER
International Standard Book Number 9781423901136 (pbk.)
020 ## - INTERNATIONAL STANDARD BOOK NUMBER
International Standard Book Number 1423901134 (pbk.)
040 ## - CATALOGING SOURCE
Original cataloging agency DLC
Transcribing agency DLC
050 00 - LIBRARY OF CONGRESS CALL NUMBER
Classification number T58.6.S717 2008
100 1# - MAIN ENTRY--PERSONAL NAME
Personal name Stair, Ralph M.
245 10 - TITLE STATEMENT
Title Fundamentals of information systems/
Remainder of title
Statement of responsibility, etc Ralph M. Stair, George W. Reynolds.
250 ## - EDITION STATEMENT
Edition statement 4th ed.
260 ## - PUBLICATION, DISTRIBUTION, ETC. (IMPRINT)
Place of publication, distribution, etc Boston :
Name of publisher, distributor, etc Thomson Course Technology,
Date of publication, distribution, etc c2008.
300 ## - PHYSICAL DESCRIPTION
Extent xxiv, 451 p. :
Other physical details col. ill. ;
Dimensions 28 cm. +
Accompanying material
504 ## - BIBLIOGRAPHY, ETC. NOTE
Bibliography, etc Includes bibliographical references and index.
650 #0 - SUBJECT ADDED ENTRY--TOPICAL TERM
Topical term or geographic name as entry element Management information systems.
700 1# - ADDED ENTRY--PERSONAL NAME
Personal name Reynolds, George Walter,
Dates associated with a name 1944-
906 ## - LOCAL DATA ELEMENT F, LDF (RLIN)
a 7
b cbc
c origcop
d 3
e ncip
f 20
g y-gencatlg
942 ## - ADDED ENTRY ELEMENTS (KOHA)
Source of classification or shelving scheme
Koha item type Book
Holdings
Withdrawn status Lost status Source of classification or shelving scheme Damaged status Not for loan Home library Current library Shelving location Date acquired Total Checkouts Full call number Barcode Date last seen Copy number Price effective from Koha item type
          Riara University Library Riara University Library General stack 26/07/2016   T58.6.S717 2008 7809/16 26/07/2016 C.1 26/07/2016 Book

Riara University Library,
P.O. Box 49940-00100,
Nairobi, Kenya.